[Event "April 9 Early 2024"]
[Site "Chess.com"]
[Date "2024.04.09"]
[Round "4"]
[White "Morales Carlos"]
[Black "Ezat, Mohamed"]
[Result "0-1"]
[Board "199"]
[WhiteFideId "6706754"]
[BlackFideId "10600906"]
[WhiteTitle "FM"]
[BlackTitle "IM"]
[WhiteElo "2343"]
[BlackElo "2526"]
[WhiteTeam "ESA"]
[BlackTeam "EGY"]
[WhiteClock "0:01:08"]
[BlackClock "0:00:53"]
[Variant "Standard"]

1. e4 {[%clk 0:03:00]}  c6 {[%clk 0:02:14]} 2. d4 {[%clk 0:02:57]}  d5 {[%clk 0:02:14]} 3. exd5 {[%clk 0:02:58]}  cxd5 {[%clk 0:02:13]} 4. c4 {[%clk 0:02:59]}  Nf6 {[%clk 0:02:13]} 5. Nc3 {[%clk 0:02:58]}  Be6 {[%clk 0:02:13]} 6. Ke2 {[%clk 0:02:57]}  dxc4 {[%clk 0:02:11]} 7. Ke1 {[%clk 0:02:57]}  Nc6 {[%clk 0:02:10]} 8. Nge2 {[%clk 0:02:55]}  Bf5 {[%clk 0:01:55]} 9. Ng3 {[%clk 0:02:45]}  Bd3 {[%clk 0:01:55]} 10. Bxd3 {[%clk 0:02:44]}  cxd3 {[%clk 0:01:55]} 11. Qxd3 {[%clk 0:02:33]}  Qxd4 {[%clk 0:01:54]} 12. Qe2 {[%clk 0:02:33]}  e6 {[%clk 0:01:47]} 13. Be3 {[%clk 0:02:31]}  Qg4 {[%clk 0:01:44]} 14. f3 {[%clk 0:02:30]}  Qb4 {[%clk 0:01:42]} 15. Kf2 {[%clk 0:02:26]}  Bc5 {[%clk 0:01:41]} 16. Bxc5 {[%clk 0:02:23]}  Qxc5+ {[%clk 0:01:41]} 17. Qe3 {[%clk 0:02:23]}  Qxe3+ {[%clk 0:01:41]} 18. Kxe3 {[%clk 0:02:24]}  Nb4 {[%clk 0:01:36]} 19. Rad1 {[%clk 0:02:20]}  O-O {[%clk 0:01:34]} 20. Nge4 {[%clk 0:02:11]}  Nfd5+ {[%clk 0:01:33]} 21. Kf2 {[%clk 0:02:08]}  Rfd8 {[%clk 0:01:32]} 22. a3 {[%clk 0:02:06]}  Nxc3 {[%clk 0:01:32]} 23. Nxc3 {[%clk 0:02:05]}  Nd3+ {[%clk 0:01:31]} 24. Kg3 {[%clk 0:02:04]}  Nxb2 {[%clk 0:01:30]} 25. Rb1 {[%clk 0:02:03]}  Rd2 {[%clk 0:01:17]} 26. Ne4 {[%clk 0:02:03]}  Rc2 {[%clk 0:01:17]} 27. Rhc1 {[%clk 0:01:50]}  Rac8 {[%clk 0:01:12]} 28. Rxc2 {[%clk 0:01:49]}  Rxc2 {[%clk 0:01:12]} 29. Nd6 {[%clk 0:01:50]}  b6 {[%clk 0:01:08]} 30. Nb5 {[%clk 0:01:50]}  Nc4 {[%clk 0:01:02]} 31. Nxa7 {[%clk 0:01:46]}  h5 {[%clk 0:01:00]} 32. h4 {[%clk 0:01:31]}  Ne3 {[%clk 0:00:56]} 33. Rxb6 {[%clk 0:01:22]}  Rxg2+ {[%clk 0:00:55]} 34. Kh3 {[%clk 0:01:21]}  Ra2 {[%clk 0:00:52]} 35. Nb5 {[%clk 0:01:08]}  Nf1 {[%clk 0:00:53]} 0-1

[Event "April 9 Early 2024"]
[Site "Chess.com"]
[Date "2024.04.09"]
[Round "4"]
[White "Wacker, Peter"]
[Black "Sai Han Thiha"]
[Result "1-0"]
[Board "200"]
[WhiteFideId "4615751"]
[BlackFideId "13012290"]
[WhiteTitle "FM"]
[BlackTitle "FM"]
[WhiteElo "2339"]
[BlackElo "2521"]
[WhiteTeam "GER"]
[BlackTeam "MYA"]
[WhiteClock "0:00:40"]
[BlackClock "0:00:00"]
[Variant "Standard"]

1. e4 {[%clk 0:03:00]}  c6 {[%clk 0:02:57]} 2. Nc3 {[%clk 0:03:00]}  d5 {[%clk 0:02:58]} 3. Nf3 {[%clk 0:03:00]}  Bg4 {[%clk 0:02:59]} 4. h3 {[%clk 0:02:55]}  Bxf3 {[%clk 0:02:59]} 5. Qxf3 {[%clk 0:02:55]}  e6 {[%clk 0:03:00]} 6. d4 {[%clk 0:02:53]}  Nf6 {[%clk 0:03:00]} 7. a3 {[%clk 0:02:51]}  dxe4 {[%clk 0:02:56]} 8. Qe3 {[%clk 0:02:51]}  Nbd7 {[%clk 0:02:51]} 9. Nxe4 {[%clk 0:02:49]}  Nxe4 {[%clk 0:02:52]} 10. Qxe4 {[%clk 0:02:50]}  Nf6 {[%clk 0:02:53]} 11. Qd3 {[%clk 0:02:50]}  Bd6 {[%clk 0:02:54]} 12. Bd2 {[%clk 0:02:50]}  Qc7 {[%clk 0:02:53]} 13. g3 {[%clk 0:02:50]}  O-O-O {[%clk 0:02:43]} 14. O-O-O {[%clk 0:02:49]}  e5 {[%clk 0:02:42]} 15. Be3 {[%clk 0:02:38]}  exd4 {[%clk 0:01:59]} 16. Qf5+ {[%clk 0:02:37]}  Kb8 {[%clk 0:01:45]} 17. Bxd4 {[%clk 0:02:37]}  Be7 {[%clk 0:01:02]} 18. Bg2 {[%clk 0:02:31]}  Ka8 {[%clk 0:01:02]} 19. Bc3 {[%clk 0:02:02]}  Rxd1+ {[%clk 0:00:58]} 20. Rxd1 {[%clk 0:02:01]}  Rd8 {[%clk 0:00:59]} 21. Rd3 {[%clk 0:01:57]}  Rxd3 {[%clk 0:00:46]} 22. Qxd3 {[%clk 0:01:56]}  Qb6 {[%clk 0:00:46]} 23. Bd4 {[%clk 0:01:51]}  Qa5 {[%clk 0:00:46]} 24. Qd2 {[%clk 0:01:41]}  Qxd2+ {[%clk 0:00:33]} 25. Kxd2 {[%clk 0:01:40]}  Kb8 {[%clk 0:00:30]} 26. c4 {[%clk 0:01:40]}  Kc7 {[%clk 0:00:30]} 27. g4 {[%clk 0:01:40]}  Ne8 {[%clk 0:00:29]} 28. b4 {[%clk 0:01:39]}  b6 {[%clk 0:00:14]} 29. Kd3 {[%clk 0:01:32]}  c5 {[%clk 0:00:14]} 30. Bc3 {[%clk 0:01:29]}  Bf6 {[%clk 0:00:13]} 31. Bd2 {[%clk 0:01:19]}  Be5 {[%clk 0:00:14]} 32. f4 {[%clk 0:01:16]}  Bd4 {[%clk 0:00:14]} 33. Bd5 {[%clk 0:01:13]}  Nd6 {[%clk 0:00:14]} 34. f5 {[%clk 0:01:10]}  Kd7 {[%clk 0:00:14]} 35. Bf4 {[%clk 0:01:09]}  f6 {[%clk 0:00:14]} 36. h4 {[%clk 0:01:07]}  Ke7 {[%clk 0:00:14]} 37. b5 {[%clk 0:01:01]}  Bb2 {[%clk 0:00:13]} 38. a4 {[%clk 0:01:01]}  Bd4 {[%clk 0:00:12]} 39. Bd2 {[%clk 0:00:55]}  Bf2 {[%clk 0:00:12]} 40. h5 {[%clk 0:00:53]}  h6 {[%clk 0:00:11]} 41. a5 {[%clk 0:00:54]}  Nf7 {[%clk 0:00:10]} 42. Bf4 {[%clk 0:00:48]}  Ne5+ {[%clk 0:00:10]} 43. Ke4 {[%clk 0:00:48]}  Bd4 {[%clk 0:00:10]} 44. a6 {[%clk 0:00:45]}  Bc3 {[%clk 0:00:09]} 45. Be6 {[%clk 0:00:45]}  Bd4 {[%clk 0:00:09]} 46. Kd5 {[%clk 0:00:45]}  Nxg4 {[%clk 0:00:03]} 47. Bb8 {[%clk 0:00:42]}  Ne3+ {[%clk 0:00:03]} 48. Kc6 {[%clk 0:00:41]}  Be5 {[%clk 0:00:02]} 49. Bxa7 {[%clk 0:00:41]}  Nc2 {[%clk 0:00:00]} 50. Bxb6 {[%clk 0:00:40]} 1-0

[Event "April 9 Early 2024"]
[Site "Chess.com"]
[Date "2024.04.09"]
[Round "4"]
[White "Barath Kalyan M"]
[Black "Martinez Lopez, David"]
[Result "1-0"]
[Board "203"]
[WhiteFideId "25016555"]
[BlackFideId "22235779"]
[WhiteTitle "CM"]
[BlackTitle "FM"]
[WhiteElo "2517"]
[BlackElo "2332"]
[WhiteTeam "IND"]
[BlackTeam "ESP"]
[WhiteClock "0:01:44"]
[BlackClock "0:00:10"]
[Variant "Standard"]

1. Nf3 {[%clk 0:03:00]}  Nf6 {[%clk 0:02:59]} 2. d4 {[%clk 0:02:59]}  g6 {[%clk 0:02:59]} 3. e3 {[%clk 0:03:00]}  Bg7 {[%clk 0:02:59]} 4. Be2 {[%clk 0:02:59]}  O-O {[%clk 0:02:59]} 5. O-O {[%clk 0:03:00]}  d6 {[%clk 0:03:00]} 6. b3 {[%clk 0:03:01]}  c5 {[%clk 0:02:59]} 7. Bb2 {[%clk 0:03:01]}  Nc6 {[%clk 0:02:53]} 8. c4 {[%clk 0:03:00]}  d5 {[%clk 0:02:51]} 9. dxc5 {[%clk 0:02:59]}  dxc4 {[%clk 0:02:47]} 10. Bxc4 {[%clk 0:02:56]}  Ne4 {[%clk 0:02:37]} 11. Bxg7 {[%clk 0:02:55]}  Kxg7 {[%clk 0:02:37]} 12. Qc2 {[%clk 0:02:55]}  Bf5 {[%clk 0:02:30]} 13. Qb2+ {[%clk 0:02:54]}  f6 {[%clk 0:02:10]} 14. b4 {[%clk 0:02:54]}  a5 {[%clk 0:02:02]} 15. b5 {[%clk 0:02:51]}  Nb4 {[%clk 0:01:57]} 16. Nd4 {[%clk 0:02:48]}  Nxc5 {[%clk 0:01:49]} 17. Nxf5+ {[%clk 0:02:43]}  gxf5 {[%clk 0:01:50]} 18. a3 {[%clk 0:02:38]}  Nbd3 {[%clk 0:01:48]} 19. Qe2 {[%clk 0:02:34]}  Ne5 {[%clk 0:01:44]} 20. Rd1 {[%clk 0:02:31]}  Qc7 {[%clk 0:01:34]} 21. Nc3 {[%clk 0:02:30]}  e6 {[%clk 0:01:12]} 22. Rac1 {[%clk 0:02:29]}  Rad8 {[%clk 0:01:11]} 23. Ba2 {[%clk 0:02:12]}  b6 {[%clk 0:01:09]} 24. Na4 {[%clk 0:02:11]}  Rxd1+ {[%clk 0:01:03]} 25. Qxd1 {[%clk 0:02:11]}  Rd8 {[%clk 0:01:04]} 26. Qc2 {[%clk 0:01:59]}  Ned3 {[%clk 0:00:55]} 27. Rd1 {[%clk 0:01:59]}  Qb8 {[%clk 0:00:46]} 28. Bxe6 {[%clk 0:01:52]}  Qe5 {[%clk 0:00:19]} 29. Nxc5 {[%clk 0:01:48]}  bxc5 {[%clk 0:00:10]} 30. Bc4 {[%clk 0:01:44]} 1-0

[Event "April 9 Early 2024"]
[Site "Chess.com"]
[Date "2024.04.09"]
[Round "4"]
[White "Kopczynski, Michal"]
[Black "Goldin, Roman"]
[Result "0-1"]
[Board "206"]
[WhiteFideId "1124200"]
[BlackFideId "2803860"]
[WhiteTitle "CM"]
[BlackTitle "FM"]
[WhiteElo "2511"]
[BlackElo "2325"]
[WhiteTeam "POL"]
[BlackTeam "ISR"]
[WhiteClock "0:00:26"]
[BlackClock "0:00:50"]
[Variant "Standard"]

1. e4 {[%clk 0:02:53]}  Nc6 {[%clk 0:02:57]} 2. d4 {[%clk 0:02:52]}  e5 {[%clk 0:02:56]} 3. d5 {[%clk 0:02:53]}  Nce7 {[%clk 0:02:56]} 4. f4 {[%clk 0:02:53]}  Ng6 {[%clk 0:02:56]} 5. f5 {[%clk 0:02:53]}  Qh4+ {[%clk 0:02:55]} 6. Kd2 {[%clk 0:02:51]}  Qxe4 {[%clk 0:02:55]} 7. fxg6 {[%clk 0:02:49]}  Qxd5+ {[%clk 0:02:55]} 8. Ke1 {[%clk 0:02:45]}  Qxd1+ {[%clk 0:02:55]} 9. Kxd1 {[%clk 0:02:46]}  hxg6 {[%clk 0:02:55]} 10. Nf3 {[%clk 0:02:45]}  f6 {[%clk 0:02:55]} 11. Bd3 {[%clk 0:02:43]}  Ne7 {[%clk 0:02:53]} 12. Nc3 {[%clk 0:02:42]}  c6 {[%clk 0:02:53]} 13. Re1 {[%clk 0:02:34]}  d5 {[%clk 0:02:49]} 14. Bf1 {[%clk 0:02:32]}  Bg4 {[%clk 0:02:40]} 15. h3 {[%clk 0:02:30]}  Be6 {[%clk 0:02:27]} 16. b4 {[%clk 0:02:25]}  O-O-O {[%clk 0:02:25]} 17. b5 {[%clk 0:02:25]}  c5 {[%clk 0:02:23]} 18. a4 {[%clk 0:02:16]}  Nf5 {[%clk 0:02:14]} 19. a5 {[%clk 0:02:13]}  Nd4 {[%clk 0:02:08]} 20. a6 {[%clk 0:01:52]}  b6 {[%clk 0:02:07]} 21. Na4 {[%clk 0:01:31]}  Nxf3 {[%clk 0:02:06]} 22. gxf3 {[%clk 0:01:26]}  Bxh3 {[%clk 0:02:05]} 23. Nxb6+ {[%clk 0:01:18]}  axb6 {[%clk 0:02:05]} 24. a7 {[%clk 0:01:19]}  Kb7 {[%clk 0:02:05]} 25. Bd3 {[%clk 0:01:08]}  Bf5 {[%clk 0:02:01]} 26. Bxf5 {[%clk 0:00:50]}  gxf5 {[%clk 0:02:00]} 27. Re3 {[%clk 0:00:51]}  Rh1+ {[%clk 0:01:46]} 28. Ke2 {[%clk 0:00:46]}  c4 {[%clk 0:01:37]} 29. f4 {[%clk 0:00:43]}  e4 {[%clk 0:01:20]} 30. Bb2 {[%clk 0:00:37]}  Rxa1 {[%clk 0:01:18]} 31. Bxa1 {[%clk 0:00:38]}  Kxa7 {[%clk 0:01:17]} 32. Bd4 {[%clk 0:00:38]}  Kb7 {[%clk 0:01:15]} 33. Rg3 {[%clk 0:00:37]}  Ra8 {[%clk 0:01:13]} 34. c3 {[%clk 0:00:36]}  Ra5 {[%clk 0:01:13]} 35. Rh3 {[%clk 0:00:33]}  Rxb5 {[%clk 0:01:11]} 36. Rh8 {[%clk 0:00:33]}  Bc5 {[%clk 0:01:11]} 37. Rg8 {[%clk 0:00:26]}  Bxd4 {[%clk 0:01:07]} 38. Rxg7+ {[%clk 0:00:27]}  Kc6 {[%clk 0:01:03]} 39. cxd4 {[%clk 0:00:27]}  Rb2+ {[%clk 0:01:03]} 40. Kd1 {[%clk 0:00:27]}  c3 {[%clk 0:00:57]} 41. Rf7 {[%clk 0:00:26]}  Kb5 {[%clk 0:00:56]} 42. Rxf6 {[%clk 0:00:26]}  Kc4 {[%clk 0:00:56]} 43. Rxf5 {[%clk 0:00:27]}  Kd3 {[%clk 0:00:54]} 44. Kc1 {[%clk 0:00:26]}  Rf2 {[%clk 0:00:50]} 0-1

[Event "April 9 Early 2024"]
[Site "Chess.com"]
[Date "2024.04.09"]
[Round "4"]
[White "Kovalevsky, Stanislav"]
[Black "Misailovic, Nebojsa"]
[Result "1-0"]
[Board "209"]
[WhiteFideId "13508598"]
[BlackFideId "903175"]
[WhiteTitle "FM"]
[BlackTitle "IM"]
[WhiteElo "2463"]
[BlackElo "2509"]
[WhiteTeam "FID"]
[BlackTeam "SRB"]
[WhiteClock "0:00:12"]
[BlackClock "0:00:20"]
[Variant "Standard"]

1. e4 {[%clk 0:02:53]}  c5 {[%clk 0:02:58]} 2. c3 {[%clk 0:02:53]}  d5 {[%clk 0:02:56]} 3. exd5 {[%clk 0:02:54]}  Qxd5 {[%clk 0:02:57]} 4. Nf3 {[%clk 0:02:54]}  Nc6 {[%clk 0:02:57]} 5. d4 {[%clk 0:02:54]}  Bg4 {[%clk 0:02:56]} 6. Be2 {[%clk 0:02:54]}  Nf6 {[%clk 0:02:56]} 7. Be3 {[%clk 0:02:54]}  cxd4 {[%clk 0:02:56]} 8. cxd4 {[%clk 0:02:48]}  e6 {[%clk 0:02:54]} 9. a3 {[%clk 0:02:49]}  Be7 {[%clk 0:02:50]} 10. Nc3 {[%clk 0:02:49]}  Qd8 {[%clk 0:02:47]} 11. Qb3 {[%clk 0:02:47]}  O-O {[%clk 0:02:24]} 12. Qxb7 {[%clk 0:02:42]}  Na5 {[%clk 0:02:18]} 13. Qa6 {[%clk 0:02:35]}  Rb8 {[%clk 0:02:04]} 14. b4 {[%clk 0:02:30]}  Qc7 {[%clk 0:01:37]} 15. O-O {[%clk 0:01:36]}  Nb3 {[%clk 0:01:26]} 16. Nb5 {[%clk 0:01:36]}  Qc2 {[%clk 0:01:19]} 17. Bd1 {[%clk 0:01:26]}  Qd3 {[%clk 0:01:13]} 18. Ne5 {[%clk 0:01:19]}  Qxb5 {[%clk 0:01:06]} 19. Qxb5 {[%clk 0:01:19]}  Rxb5 {[%clk 0:01:06]} 20. Bxb3 {[%clk 0:01:17]}  Bf5 {[%clk 0:00:55]} 21. Rfc1 {[%clk 0:01:13]}  Nd5 {[%clk 0:00:54]} 22. Rc6 {[%clk 0:00:56]}  Rb7 {[%clk 0:00:40]} 23. h3 {[%clk 0:00:52]}  h6 {[%clk 0:00:36]} 24. Rac1 {[%clk 0:00:51]}  Rfb8 {[%clk 0:00:36]} 25. Ra6 {[%clk 0:00:47]}  Nc7 {[%clk 0:00:32]} 26. Ra5 {[%clk 0:00:42]}  Nb5 {[%clk 0:00:32]} 27. Nc6 {[%clk 0:00:39]}  Re8 {[%clk 0:00:28]} 28. Nxe7+ {[%clk 0:00:37]}  Rexe7 {[%clk 0:00:29]} 29. Rc8+ {[%clk 0:00:24]}  Kh7 {[%clk 0:00:29]} 30. d5 {[%clk 0:00:25]}  exd5 {[%clk 0:00:27]} 31. Bxd5 {[%clk 0:00:25]}  Rbc7 {[%clk 0:00:28]} 32. Rxc7 {[%clk 0:00:21]}  Nxc7 {[%clk 0:00:29]} 33. Bc6 {[%clk 0:00:17]}  a6 {[%clk 0:00:26]} 34. Rxf5 {[%clk 0:00:17]}  g6 {[%clk 0:00:26]} 35. Rc5 {[%clk 0:00:16]}  Ne6 {[%clk 0:00:25]} 36. Rc1 {[%clk 0:00:15]}  Rc7 {[%clk 0:00:24]} 37. b5 {[%clk 0:00:15]}  axb5 {[%clk 0:00:24]} 38. Bxb5 {[%clk 0:00:15]}  Rb7 {[%clk 0:00:24]} 39. a4 {[%clk 0:00:15]}  Kg7 {[%clk 0:00:23]} 40. Kh2 {[%clk 0:00:14]}  g5 {[%clk 0:00:23]} 41. g3 {[%clk 0:00:14]}  Kg6 {[%clk 0:00:24]} 42. Bd3+ {[%clk 0:00:13]}  Kf6 {[%clk 0:00:24]} 43. a5 {[%clk 0:00:14]}  Nc7 {[%clk 0:00:21]} 44. a6 {[%clk 0:00:14]}  Nxa6 {[%clk 0:00:22]} 45. Bxa6 {[%clk 0:00:14]}  Rb8 {[%clk 0:00:22]} 46. Bd3 {[%clk 0:00:13]}  Kg7 {[%clk 0:00:22]} 47. Bd4+ {[%clk 0:00:13]}  f6 {[%clk 0:00:20]} 48. Rc7+ {[%clk 0:00:12]} 1-0

[Event "April 9 Early 2024"]
[Site "Chess.com"]
[Date "2024.04.10"]
[Round "4"]
[White "Silvederio, John Michael Britanico"]
[Black "Lesbekova, Assel"]
[Result "1-0"]
[Board "210"]
[WhiteFideId "5248302"]
[BlackFideId "13713248"]
[BlackTitle "WCM"]
[WhiteElo "2509"]
[BlackElo "2309"]
[WhiteTeam "PHI"]
[BlackTeam "KGZ"]
[WhiteClock "0:00:34"]
[BlackClock "0:00:09"]
[Variant "Standard"]

1. d4 {[%clk 0:02:53]}  d5 {[%clk 0:02:59]} 2. Nc3 {[%clk 0:02:52]}  c5 {[%clk 0:02:58]} 3. e4 {[%clk 0:02:51]}  dxe4 {[%clk 0:02:54]} 4. Bb5+ {[%clk 0:02:51]}  Bd7 {[%clk 0:02:53]} 5. dxc5 {[%clk 0:02:51]}  Nf6 {[%clk 0:02:42]} 6. Nge2 {[%clk 0:02:46]}  a6 {[%clk 0:02:35]} 7. Bxd7+ {[%clk 0:02:41]}  Qxd7 {[%clk 0:02:36]} 8. Be3 {[%clk 0:02:40]}  e6 {[%clk 0:02:33]} 9. Ng3 {[%clk 0:02:37]}  Qxd1+ {[%clk 0:02:30]} 10. Rxd1 {[%clk 0:02:36]}  Nbd7 {[%clk 0:02:31]} 11. Ngxe4 {[%clk 0:02:34]}  Nxe4 {[%clk 0:02:28]} 12. Nxe4 {[%clk 0:02:35]}  Rc8 {[%clk 0:02:27]} 13. b4 {[%clk 0:02:33]}  f5 {[%clk 0:02:26]} 14. Nd6+ {[%clk 0:02:32]}  Bxd6 {[%clk 0:02:25]} 15. Rxd6 {[%clk 0:02:33]}  Ke7 {[%clk 0:02:26]} 16. Bg5+ {[%clk 0:02:27]}  Nf6 {[%clk 0:02:24]} 17. O-O {[%clk 0:02:22]}  Rhd8 {[%clk 0:02:23]} 18. Rb6 {[%clk 0:02:21]}  Rc7 {[%clk 0:02:17]} 19. Re1 {[%clk 0:02:14]}  Rd4 {[%clk 0:02:02]} 20. Rbxe6+ {[%clk 0:02:03]}  Kf7 {[%clk 0:02:00]} 21. Bxf6 {[%clk 0:02:01]}  gxf6 {[%clk 0:02:00]} 22. c3 {[%clk 0:02:00]}  Rd2 {[%clk 0:01:56]} 23. R6e2 {[%clk 0:01:50]}  Rcd7 {[%clk 0:01:56]} 24. f3 {[%clk 0:01:44]}  R7d3 {[%clk 0:01:50]} 25. Rxd2 {[%clk 0:01:34]}  Rxd2 {[%clk 0:01:49]} 26. a3 {[%clk 0:01:27]}  Ra2 {[%clk 0:01:44]} 27. Rd1 {[%clk 0:01:25]}  Ke7 {[%clk 0:01:38]} 28. Rd5 {[%clk 0:01:10]}  Rxa3 {[%clk 0:01:36]} 29. Rxf5 {[%clk 0:01:10]}  Rxc3 {[%clk 0:01:36]} 30. Rh5 {[%clk 0:01:11]}  a5 {[%clk 0:01:16]} 31. Rxh7+ {[%clk 0:01:07]}  Ke6 {[%clk 0:01:12]} 32. Rxb7 {[%clk 0:01:04]}  axb4 {[%clk 0:01:05]} 33. Rxb4 {[%clk 0:01:04]}  Rxc5 {[%clk 0:01:05]} 34. h4 {[%clk 0:01:02]}  Kf5 {[%clk 0:00:59]} 35. Rg4 {[%clk 0:00:59]}  Rc7 {[%clk 0:00:51]} 36. Kh2 {[%clk 0:00:58]}  Rh7 {[%clk 0:00:50]} 37. Kh3 {[%clk 0:00:59]}  Ke5 {[%clk 0:00:48]} 38. Rb4 {[%clk 0:00:58]}  Kf5 {[%clk 0:00:48]} 39. g4+ {[%clk 0:00:58]}  Kg6 {[%clk 0:00:48]} 40. h5+ {[%clk 0:00:58]}  Kh6 {[%clk 0:00:46]} 41. Rb6 {[%clk 0:00:58]}  Kg5 {[%clk 0:00:45]} 42. Kg3 {[%clk 0:00:58]}  Rf7 {[%clk 0:00:41]} 43. f4+ {[%clk 0:00:56]}  Kh6 {[%clk 0:00:41]} 44. Kh4 {[%clk 0:00:56]}  Kg7 {[%clk 0:00:40]} 45. Rc6 {[%clk 0:00:49]}  Ra7 {[%clk 0:00:39]} 46. h6+ {[%clk 0:00:43]}  Kxh6 {[%clk 0:00:33]} 47. Rxf6+ {[%clk 0:00:40]}  Kg7 {[%clk 0:00:34]} 48. Rb6 {[%clk 0:00:40]}  Rc7 {[%clk 0:00:33]} 49. Kg5 {[%clk 0:00:39]}  Ra7 {[%clk 0:00:31]} 50. f5 {[%clk 0:00:39]}  Rc7 {[%clk 0:00:29]} 51. Rh6 {[%clk 0:00:39]}  Rc4 {[%clk 0:00:29]} 52. f6+ {[%clk 0:00:36]}  Kf7 {[%clk 0:00:26]} 53. Rh7+ {[%clk 0:00:36]}  Kg8 {[%clk 0:00:23]} 54. Ra7 {[%clk 0:00:36]}  Rb4 {[%clk 0:00:18]} 55. Kf5 {[%clk 0:00:35]}  Kf8 {[%clk 0:00:15]} 56. g5 {[%clk 0:00:35]}  Ke8 {[%clk 0:00:12]} 57. Ra8+ {[%clk 0:00:33]}  Kd7 {[%clk 0:00:09]} 58. f7 {[%clk 0:00:34]} 1-0

[Event "April 9 Early 2024"]
[Site "Chess.com"]
[Date "2024.04.09"]
[Round "4"]
[White "Rabiega, Robert"]
[Black "Rohwer, Paul"]
[Result "1-0"]
[Board "211"]
[WhiteFideId "4601475"]
[BlackFideId "2007827"]
[WhiteTitle "GM"]
[WhiteElo "2508"]
[BlackElo "2309"]
[WhiteTeam "GER"]
[BlackTeam "USA"]
[WhiteClock "0:00:16"]
[BlackClock "0:00:09"]
[Variant "Standard"]

1. d4 {[%clk 0:02:57]}  c5 {[%clk 0:03:00]} 2. d5 {[%clk 0:02:57]}  Nf6 {[%clk 0:03:00]} 3. c4 {[%clk 0:02:58]}  e5 {[%clk 0:03:01]} 4. Nc3 {[%clk 0:02:57]}  d6 {[%clk 0:03:01]} 5. e4 {[%clk 0:02:58]}  Be7 {[%clk 0:03:02]} 6. f3 {[%clk 0:02:58]}  O-O {[%clk 0:03:02]} 7. Be3 {[%clk 0:02:59]}  Ne8 {[%clk 0:03:02]} 8. Qd2 {[%clk 0:02:59]}  g6 {[%clk 0:03:02]} 9. g3 {[%clk 0:03:00]}  Ng7 {[%clk 0:03:02]} 10. O-O-O {[%clk 0:02:47]}  Na6 {[%clk 0:03:00]} 11. Kb1 {[%clk 0:02:46]}  Nc7 {[%clk 0:03:01]} 12. a3 {[%clk 0:02:42]}  a6 {[%clk 0:03:01]} 13. b4 {[%clk 0:02:42]}  b6 {[%clk 0:03:01]} 14. Bd3 {[%clk 0:02:42]}  Bd7 {[%clk 0:03:00]} 15. Nge2 {[%clk 0:02:40]}  Rb8 {[%clk 0:03:00]} 16. Nc1 {[%clk 0:02:39]}  cxb4 {[%clk 0:02:51]} 17. axb4 {[%clk 0:02:38]}  b5 {[%clk 0:02:52]} 18. c5 {[%clk 0:02:34]}  a5 {[%clk 0:02:43]} 19. c6 {[%clk 0:02:34]}  axb4 {[%clk 0:02:41]} 20. N3a2 {[%clk 0:02:34]}  Bc8 {[%clk 0:02:19]} 21. Nxb4 {[%clk 0:02:32]}  Na6 {[%clk 0:02:20]} 22. Nca2 {[%clk 0:02:32]}  Nxb4 {[%clk 0:02:12]} 23. Nxb4 {[%clk 0:02:25]}  Ra8 {[%clk 0:02:09]} 24. Kb2 {[%clk 0:02:23]}  f5 {[%clk 0:01:44]} 25. Ra1 {[%clk 0:02:14]}  Rb8 {[%clk 0:01:41]} 26. Qc3 {[%clk 0:02:07]}  Qe8 {[%clk 0:01:33]} 27. Ba7 {[%clk 0:01:47]}  Ra8 {[%clk 0:01:31]} 28. Bb6 {[%clk 0:01:40]}  Rxa1 {[%clk 0:01:29]} 29. Rxa1 {[%clk 0:01:40]}  fxe4 {[%clk 0:01:29]} 30. fxe4 {[%clk 0:01:36]}  Qf7 {[%clk 0:01:25]} 31. Bxb5 {[%clk 0:01:31]}  Qf3 {[%clk 0:01:24]} 32. Qxf3 {[%clk 0:01:29]}  Rxf3 {[%clk 0:01:23]} 33. Ra8 {[%clk 0:01:28]}  Rf8 {[%clk 0:01:22]} 34. c7 {[%clk 0:01:25]}  Nh5 {[%clk 0:01:06]} 35. Ba6 {[%clk 0:01:18]}  Bd7 {[%clk 0:00:59]} 36. Rxf8+ {[%clk 0:01:11]}  Kxf8 {[%clk 0:00:56]} 37. Nc6 {[%clk 0:01:10]}  Nf6 {[%clk 0:00:52]} 38. c8=Q+ {[%clk 0:01:02]}  Bxc8 {[%clk 0:00:52]} 39. Bxc8 {[%clk 0:01:03]}  Nxe4 {[%clk 0:00:52]} 40. Kc2 {[%clk 0:00:52]}  h5 {[%clk 0:00:50]} 41. Kd3 {[%clk 0:00:48]}  Nf6 {[%clk 0:00:49]} 42. Be6 {[%clk 0:00:48]}  h4 {[%clk 0:00:42]} 43. gxh4 {[%clk 0:00:46]}  Nh5 {[%clk 0:00:43]} 44. Bc7 {[%clk 0:00:38]}  Nf4+ {[%clk 0:00:41]} 45. Ke4 {[%clk 0:00:38]}  Nh5 {[%clk 0:00:18]} 46. Bd8 {[%clk 0:00:33]}  Nf6+ {[%clk 0:00:10]} 47. Kf3 {[%clk 0:00:32]}  Bxd8 {[%clk 0:00:11]} 48. Nxd8 {[%clk 0:00:33]}  Ke7 {[%clk 0:00:12]} 49. Nf7 {[%clk 0:00:33]}  Nh5 {[%clk 0:00:11]} 50. Ng5 {[%clk 0:00:28]}  Nf4 {[%clk 0:00:10]} 51. Bg8 {[%clk 0:00:26]}  Nh5 {[%clk 0:00:10]} 52. Bf7 {[%clk 0:00:24]}  Nf4 {[%clk 0:00:11]} 53. Kg4 {[%clk 0:00:22]}  Kf6 {[%clk 0:00:12]} 54. Be6 {[%clk 0:00:21]}  Ke7 {[%clk 0:00:13]} 55. Bc8 {[%clk 0:00:15]}  Kf6 {[%clk 0:00:13]} 56. Bb7 {[%clk 0:00:15]}  Ke7 {[%clk 0:00:14]} 57. Ne4 {[%clk 0:00:16]}  Nxd5 {[%clk 0:00:09]} 58. Bxd5 {[%clk 0:00:16]} 1-0